Teoría de política económica / (Record no. 177460)

MARC details
000 -LEADER
campo de control de longitud fija 00802nam a22002295i 4500
001 - NÚMERO DE CONTROL
campo de control 177460
003 - IDENTIFICADOR DE NÚMERO DE CONTROL
campo de control ES-MaACL
005 - FECHA Y HORA DE LA ÚLTIMA TRANSACCIÓN
campo de control 20250824212334.0
008 - DATOS DE LONGITUD FIJA--INFORMACIÓN GENERAL
campo de control de longitud fija 110324s1966 sp |||| | spa d
080 ## - NÚMERO DE LA CLASIFICACIÓN DECIMAL UNIVERSAL
Número de la Clasificación Decimal Universal 338.22
100 0# - ENTRADA PRINCIPAL--NOMBRE DE PERSONA
Nombre de persona Robbins, Lionel Charles
Títulos y otros términos asociados al nombre Baron (
Fechas asociadas al nombre 1898-1984)
9 (RLIN) 97789
245 10 - MENCIÓN DEL TÍTULO
Título Teoría de política económica /
Mención de responsabilidad, etc. Lionel Robbins ; [versión española realizada por Luis Guereca Tosantos].
260 ## - PUBLICACIÓN, DISTRIBUCIÓN, ETC.
Lugar de publicación, distribución, etc. Madrid [etc.] :
Nombre del editor, distribuidor, etc. Rialp,
Fecha de publicación, distribución, etc. imp. 1966.
300 ## - DESCRIPCIÓN FÍSICA
Extensión 195, [2] h. ;
Dimensiones 25 cm.
490 1# - MENCIÓN DE SERIE
Mención de serie Libros de economía ;
Designación de volumen o secuencia 8
504 ## - NOTA DE BIBLIOGRAFÍA, ETC.
Nota de bibliografía, etc. Bibliografía: p. [197]
650 04 - PUNTO DE ACCESO ADICIONAL DE MATERIA--TÉRMINO DE MATERIA
Término de materia o nombre geográfico como elemento de entrada Política económica.
9 (RLIN) 16293
700 1# - ENTRADA AGREGADA--NOMBRE PERSONAL
Nombre de persona Guereca Tosantos, Luis.
9 (RLIN) 60455
830 00 - PUNTO DE ACCESO ADICIONAL DE SERIE-TÍTULO UNIFORME
Título uniforme Libros de economía (Rialp)
Designación de volumen o secuencia 8
9 (RLIN) 186981
852 ## - LOCALIZACIÓN
Ubicación ES-MaACL
Número de control de estantería E-14718
Encuadernación Olim P-527-bis
Holdings
Estatus retirado Estado de pérdida Estado de daño No para préstamo Biblioteca de origen Biblioteca actual Ubicación en estantería Fecha de adquisición Fuente de adquisición Total de préstamos Signatura topográfica completa Código de barras Visto por última vez Precio de reemplazo Tipo de ítem Koha
        Biblioteca del Ateneo de Madrid Biblioteca del Ateneo de Madrid Depósito 2 24/03/2011     E-14718 1186385 23/02/2023 23/02/2023 Libro impreso